000 00978cab a22002175a 4500
001 L154705
008 120116e20120106xxk 000 0 eng d
035 _a(Sirsi) u154705
041 0 _aeng
100 1 _aStewart, Sarah
245 0 0 _aMarkets
_bIslands of Britain
260 _c2012
490 0 _aProperty Week
_v78(01) 6 January 2012, 39-42(4)
520 _aJersey developer C Le Masurier goes ahead with a 300 000 sq ft on Broad Street in Jersey's financial district. States of Guernsey's statutory Strategic Land Use Plan was agreed in November after 10 years. The value of Guernsey's investment fund industry fell by 1.2% in Q3 2011. Askett-Hawk is to develop a mixed-use scheme on the waterfront at Douglas, Isle of Man. Jersey landlords must prepare for the activation of the Goods and Service Tax law in August 2012.
590 _aKA
651 4 _aGuernsey
651 4 _aJersey
651 4 _aIsle of Man
690 _aCommercial property
_96227
942 _n0
999 _c83711
_d83711